আল - কুরআন ও আল- হাদীসের আলোকে নারী : (Record no. 78083)
[ view plain ]
| 000 -LEADER | |
|---|---|
| fixed length control field | 02228nam a2200409 a 4500 |
| 001 - CONTROL NUMBER | |
| control field | 78083 |
| 003 - CONTROL NUMBER IDENTIFIER | |
| rucl marc code | BD-RjUL |
| 005 - DATE AND TIME OF LATEST TRANSACTION | |
| control field | 20211209083104.0 |
| 008 - FIXED-LENGTH DATA ELEMENTS--GENERAL INFORMATION | |
| fixed length control field | 210316b 2001bg ||||| m||| 00| 0 ben d |
| 035 ## - SYSTEM CONTROL NUMBER | |
| System control number | (BD-RjUL)78309 |
| 040 ## - CATALOGING SOURCE | |
| Original cataloging agency | BD-RjUL |
| Language of cataloging | ben / eng |
| Transcribing agency | BD-RjUL |
| Modifying agency | BD-RjUL |
| 041 ## - LANGUAGE CODE | |
| Language code of text/sound track or separate title | ben |
| 082 ## - DEWEY DECIMAL CLASSIFICATION NUMBER | |
| Classification number | 305.48697 |
| Author mark and year | RAA 2001 |
| Edition number | 23 |
| 100 ## - MAIN ENTRY--PERSONAL NAME | |
| Personal name | রহমান. মাহবুবা |
| 9 (RLIN) | 246124 |
| 245 10 - TITLE STATEMENT | |
| Title | আল - কুরআন ও আল- হাদীসের আলোকে নারী : |
| Remainder of title | শিক্ষা ও স্বাধিকার'' / |
| Statement of responsibility, etc. | মাহবুবা, রহমান ; |
| Linkage | তত্ত্বাবধায়ক : এ. কে. এম. শামসুল আলম |
| 260 ## - PUBLICATION, DISTRIBUTION, ETC. (IMPRINT) | |
| Place of publication, distribution, etc. | রাজশাহী : |
| Name of publisher, distributor, etc. | আরবী বিভাগ, রাজশাহী বিশ্ববিদ্যালয়, |
| Date of publication, distribution, etc. | ২০০১ |
| 300 ## - PHYSICAL DESCRIPTION | |
| Pagination | viii, ২৯৪ পাতা ; |
| Size | ২৯ সেমি. |
| 502 ## - DISSERTATION NOTE | |
| Dissertation note | থিসিস (পিএইচ. ডি.) -- আরবী বিভাগ, রাজশাহী বিশ্ববিদ্যালয়, ২০০১ |
| 504 ## - BIBLIOGRAPHY, ETC. NOTE | |
| Bibliography, etc | গ্রন্থপঞ্জী : পাতা ২৮২ - ২৯৪ |
| 600 ## - SUBJECT ADDED ENTRY--PERSONAL NAME | |
| Personal name | |
| Fuller form of name | |
| General subdivision | |
| 650 ## - SUBJECT ADDED ENTRY--TOPICAL TERM | |
| Topical term or geographic name as entry element | ইসলামে নারী |
| 9 (RLIN) | 243953 |
| Topical term or geographic name as entry element | Women in Islam. |
| 9 (RLIN) | 246231 |
| Topical term or geographic name as entry element | মহিলাদের অধিকার |
| General subdivision | ধর্মীয় দিক |
| -- | ইসলাম |
| 9 (RLIN) | 246232 |
| Topical term or geographic name as entry element | Women's rights |
| General subdivision | Religious aspects |
| -- | Islam |
| 9 (RLIN) | 246233 |
| Topical term or geographic name as entry element | কুরআনে মহিলা |
| 9 (RLIN) | 244066 |
| Topical term or geographic name as entry element | Women in the Qurʼan |
| 9 (RLIN) | 246234 |
| Topical term or geographic name as entry element | হাদীসে মহিলা |
| 9 (RLIN) | 243963 |
| Topical term or geographic name as entry element | Women in the Hadith |
| 9 (RLIN) | 246235 |
| Topical term or geographic name as entry element | মুসলিম মহিলা |
| General subdivision | জীবনযাত্রা। |
| 9 (RLIN) | 246236 |
| Topical term or geographic name as entry element | Muslim women |
| General subdivision | Conduct of life |
| 9 (RLIN) | 246237 |
| Topical term or geographic name as entry element | মহিলা (ইসলামী আইন) |
| 9 (RLIN) | 246238 |
| Topical term or geographic name as entry element | Women (Islamic law) |
| 9 (RLIN) | 246240 |
| Topical term or geographic name as entry element | মুসলিম মহিলা |
| General subdivision | শিক্ষা |
| 9 (RLIN) | 246255 |
| Topical term or geographic name as entry element | Muslim women |
| General subdivision | Education |
| 9 (RLIN) | 246256 |
| 700 ## - ADDED ENTRY--PERSONAL NAME | |
| Personal name | আলম, এ. কে. এম. শামসুল, তত্ত্বাবধায়ক |
| 942 ## - ADDED ENTRY ELEMENTS (KOHA) | |
| Source of classification or shelving scheme | Dewey Decimal Classification |
| Koha item type | Theses |
| Lost status | Source of classification or shelving scheme | Damaged status | Not for loan | Collection code | Permanent Location | Current Location | Shelving location | Date acquired | Source of acquisition | Total Checkouts | Full call number | Date last seen | Copy number | Koha item type |
|---|---|---|---|---|---|---|---|---|---|---|---|---|---|---|
| Dewey Decimal Classification | Not For Loan | Theses | Central Library, University of Rajshahi | Central Library, University of Rajshahi | Documentation Section | 02/10/2002 | Controller of Exam., R.U. | BTHE 305.48697 RAA 2001 | 16/03/2021 | C-1 | Theses |